00363nam a2200133Ia 4500008004100000041000800041082001600049100002600065245004800091260004300139300001200182650001400194650002100208210719s2014 xx 000 0 und d aeng a378.04 ANDL aANDHRA LOYOLA COLLEGE aLoyolite 2014: diamond jubilee celebrations aAndhra PradeshbLoyola College.,c2014 a198bPB aEducation aHigher Education